Biblioteca Vall d'Alfatà de Santa Susanna : lectura, formació, activitats culturals, préstec, internet, serveis a escoles lectura, formació, activitats culturals, préstec, internet, serveis a escoles
Publicado:
Barcelona :
Diputació de Barcelona. Gerència de Serveis de Biblioteques ; Ajuntament de Santa Susanna ,
2017
Descripción Física:
1 targeta postal : il·lustracions ; 15 x 11 cm
Materias:
Biblioteca Vall d'Alfatà -- Santa Susanna (Catalunya)
; Biblioteques públiques -- Barcelona (Catalunya : Província)
; Targetes postals
Idioma:
Catalán
MARC
| LEADER | 00000nkm a2200000 a 4500 | ||
|---|---|---|---|
| 001 | 25830 | ||
| 008 | 220608b spa||||| |||| 00| 0 cat d | ||
| 017 | |a DL B 12232-2017 | ||
| 080 | |a NBM-13-220 | ||
| 245 | |a Biblioteca Vall d'Alfatà de Santa Susanna : |b lectura, formació, activitats culturals, préstec, internet, serveis a escoles | ||
| 260 | |a Barcelona : |b Diputació de Barcelona. Gerència de Serveis de Biblioteques ; |b Ajuntament de Santa Susanna, |c 2017 | ||
| 300 | |a 1 targeta postal : |b il·lustracions ; |c 15 x 11 cm | ||
| 610 | 2 | 0 | |a Biblioteca Vall d'Alfatà |z Santa Susanna (Catalunya) |9 53337 |
| 650 | 0 | |a Biblioteques públiques |x Barcelona (Catalunya : Província) |9 49209 | |
| 655 | 0 | |a Targetes postals |9 52685 | |
| 710 | 1 | |a Barcelona (Catalunya : Província). |b Gerència de Serveis de Biblioteques |9 52661 | |
| 710 | 1 | |a Santa Susanna (Catalunya). |9 51565 |b Ajuntament | |
| 942 | |2 udc |n 1 |c ARXIU | ||
| 952 | |0 0 |1 0 |4 0 |6 NBM13220 |7 1 |9 62289 |a Arxiu |b Arxiu |d 2022-06-08 |l 0 |o NBM-13-220 |p 25830 |r 2022-06-08 00:00:00 |w 2022-06-08 |y ARXIU | ||
| 999 | |c 81952 |d 81952 | ||